|
|
|
|
| LEADER |
00992nam a2200217 a 4500 |
| 001 |
1172136 |
| 008 |
090514s1995 ne b 100 0 eng d |
| 010 |
|
|
|a 96174335
|
| 020 |
|
|
|a 929081134X
|
| 040 |
|
|
|a DLC
|c DLC
|
| 082 |
0 |
0 |
|a 630/.71
|2 20
|
| 245 |
0 |
0 |
|a Agricultural extension in Africa :
|c proceedings of an international workshop, Yaoundé, Cameroon, January 1994.
|
| 260 |
|
|
|a Wageningen, The Netherlands :
|b Technical Centre for Agricultural and Rural Co-operation,
|c c1995.
|
| 300 |
|
|
|a iv, 196 p. ;
|c 30 cm.
|
| 504 |
|
|
|a Includes bibliographical references.
|
| 541 |
1 |
|
|e 00011538
|
| 650 |
|
0 |
|a Agricultural extension work
|z Africa
|x Congresses.
|
| 710 |
2 |
|
|a Technical Centre for Agricultural and Rural Cooperation (Ede, Netherlands)
|
| 852 |
4 |
|
|a <add library>
|j <shelf mark>
|
| 999 |
|
|
|c 730
|d 730
|
| 952 |
|
|
|0 0
|1 4
|2 ddc
|4 0
|6 630_710000000000000_AGR
|7 0
|9 673
|a BRACUL
|b BRACUL
|c GEN
|d 2009-05-17
|g 0.00
|l 0
|o 630.71 AGR
|p 3010011538
|r 2009-05-17
|t 1
|w 2009-05-17
|y BK
|x No price found in the accession register.
|